00546nam a2200169Ia 450000500170000000800410001702000150005808200130007324500360008626000770012230000180019965000240021770000190024194200060026095200950026699900150036120250107013917.0240331s9999 xx 000 0 und d a8185835438 bINDa950 0aIndian constitution :ba review aChandigarhbCentre for Research in Rural & Industrial Developmentc2002 avii, 219 p ., aIndian constitution aPal,R.N. eedt cL 001040708LaWERCLbWERCLcSSCd2024-03-31l0o 950 INDp6548r2024-03-31w2024-03-31yL c4608d4608